01389nam a2200361Ia 4500001001200000003000800012006001900020007001500039008004100054010001700095020001800112020001500130020002800145040002100173035002000194050002300214245012700237260004800364300002200412504005300434533015200487650001500639650002300654650003800677650003400715650002900749655002900778700002700807700003500834710001700869856012600886999001501012ebr10279244CaPaEBRm u cr cn|||||||||960530s1997 nyua sb 001 0 eng d z 96023813  z9780195103342 z0195103335 z0195103343 (alk. paper) aCaPaEBRcCaPaEBR a(OCoLC)7682986114aBF311b.F89 1997eb04aThe future of the cognitive revolutionh[electronic resource] /cedited by David Martel Johnson and Christina E. Erneling. aNew York :bOxford University Press,c1997. ax, 401 p. :bill. aIncludes bibliographical references and indexes. aElectronic reproduction.bPalo Alto, Calif. :cebrary,d2009.nAvailable via World Wide Web.nAccess may be limited to ebrary affiliated libraries. 0aCognition. 0aCognitive science. 0aPhilosophy and cognitive science. 0aHuman information processing. 0aArtificial intelligence. 7aElectronic books.2local1 aJohnson, David Martel.1 aErneling, Christina E.,d1951-2 aebrary, Inc.40uhttp://site.ebrary.com/lib/rucke/Doc?id=10279244zAn electronic book accessible through the World Wide Web; click to view c3810d3810